[Event "ch-NED Open"]
[Site "Dieren NED"]
[Date "2003.07.23"]
[Round "2"]
[White "Van der Veen,Jan"]
[Black "Van Eijk,S"]
[Result "0-1"]
[WhiteElo "2159"]
[BlackElo "2233"]

1.e4 c5 2.Nc3 Nc6 3.Bb5 Nd4 4.Bc4 e6 5.Nf3 Nf6 6.O-O a6 7.a4 d5 8.exd5 exd5
9.Be2 Be7 10.Nxd4 cxd4 11.Nb1 Bd6 12.d3 O-O 13.Nd2 Bb8 14.Nf3 Qc7 15.g3 Ba7
16.Bf4 Qb6 17.b3 Bh3 18.Re1 Nd7 19.Bf1 Bg4 20.h3 Bf5 21.g4 Bg6 22.Bg2 Rad8
23.a5 Qc6 24.Ra4 Nc5 25.Ra1 Ne6 26.Bg3 Bc5 27.Qd2 Qb5 28.Ra4 Rfe8 29.Re2 Ba7
30.Ra1 Qc5 31.Rae1 Qb5 32.Ra1 Nf8 33.Rxe8 Rxe8 34.b4 Ne6 35.Ne5 Bb8 36.Re1 Bd6
37.Nxg6 Bxb4  0-1

[Event "ch-GBR"]
[Site "Edinburgh SCO"]
[Date "2003.07.23"]
[Round "9"]
[White "Buckley,Si"]
[Black "Hunt,A"]
[Result "1-0"]
[WhiteElo "2267"]
[BlackElo "2395"]

1.e4 c5 2.Nc3 Nc6 3.Nge2 e5 4.Nd5 d6 5.Nec3 Be6 6.Bc4 Be7 7.O-O Nf6 8.d3 O-O
9.f4 exf4 10.Bxf4 Bxd5 11.Nxd5 Nxd5 12.Bxd5 Bf6 13.c3 Ne7 14.Qb3 Rb8 15.a4 Qd7
16.Rf2 Nxd5 17.Qxd5 Rfd8 18.Re1 Rbc8 19.Ref1 Rc7 20.Be3 Qe6 21.Qh5 g6 22.Qd1 Bg7
23.Bg5 Rdd7 24.Bf6 c4 25.Bxg7 Kxg7 26.Rd2 d5 27.exd5 Qxd5 28.d4 Rc6 29.Re2 Ra6
30.Rfe1 Qc6 31.Re7 Rxa4 32.Rxd7 Qxd7 33.d5 Qd6 34.Qxa4  1-0

[Event "TCh-Europe u18"]
[Site "Balatonlelle HUN"]
[Date "2003.07.24"]
[Round "5"]
[White "Bartel,Mat"]
[Black "Gonda,L"]
[Result "1-0"]
[WhiteElo "2453"]
[BlackElo "2449"]

1.e4 c5 2.Ne2 Nc6 3.Nbc3 d6 4.d4 cxd4 5.Nxd4 Nf6 6.g3 Qb6 7.Nb3 Bg4 8.f3 Be6
9.Qe2 Nb4 10.Qb5+ Qxb5 11.Bxb5+ Bd7 12.Kd1 e6 13.Be3 Be7 14.g4 h6 15.h4 Bd8
16.Kd2 Nc6 17.Rad1 Ke7 18.Kc1 Bb6 19.Bxb6 axb6 20.Rd2 Ne5 21.Rhd1 Nxf3 22.Rxd6 Rad8
23.Rxb6 Bc8 24.Be2 Nxh4 25.Nc5 Rxd1+ 26.Bxd1 Nd7 27.Nxd7 Kxd7 28.Nb5 Ng6
29.a4 Ne5 30.Nd4 g6 31.Rb5 f6 32.a5 h5 33.g5 Nc6 34.Nf3 h4 35.gxf6 h3 36.Nh2 e5
37.Bg4+ Kc7 38.Bxc8 Kxc8 39.Rb3 Nd4 40.Rb6 Kc7 41.f7 Nc6 42.Rb3 Rf8 43.Rxh3 Nxa5
44.Ng4 Nc6 45.Nh6 Nd8 46.Rc3+ Kd6 47.Rg3 Nxf7 48.Rxg6+ Ke7 49.Rg7  1-0

[Event "ch-NED Open"]
[Site "Dieren NED"]
[Date "2003.07.24"]
[Round "3"]
[White "Ris,R"]
[Black "Werle,J"]
[Result "1/2-1/2"]
[WhiteElo "2205"]
[BlackElo "2397"]

1.e4 c5 2.Nf3 Nc6 3.Nc3 d6 4.d4 cxd4 5.Nxd4 Nf6 6.Be3 Ng4 7.Bg5 Qb6 8.Bb5 Bd7
9.O-O Qxd4 10.Bxc6 Qxd1 11.Bxd7+ Kxd7 12.Raxd1 h6 13.Bc1 g5 14.h3 Ne5 15.f4 gxf4
16.Bxf4 Bg7 17.Nd5 Rhf8 18.Ne3 Ng6 19.c3 Nxf4 20.Rxf4 Rac8 21.Rf5 e6 22.Ra5 a6
23.Rd2 Rc6 24.Kf2 Rb8 25.e5 Kc7 26.exd6+ Rxd6 27.Rxd6 Kxd6 28.Nc4+ Kc7 29.Rc5+ Kd7
30.Nb6+ Kd6 31.b4 Rd8 32.Ke2 f5 33.Nc8+ Kd7 34.Nb6+ Kd6 35.Nc8+ Kd7 36.Nb6+ Kd6  1/2-1/2

[Event "ch-GBR"]
[Site "Edinburgh SCO"]
[Date "2003.07.24"]
[Round "10"]
[White "Williams,Sa"]
[Black "Gourlay,I"]
[Result "1/2-1/2"]
[WhiteElo "2150"]
[BlackElo "2284"]

1.e4 c5 2.Nc3 Nc6 3.Bb5 Nd4 4.Bc4 e6 5.Nf3 Ne7 6.O-O Nec6 7.Nxd4 cxd4 8.Ne2 g6
9.d3 Bg7 10.Bf4 d5 11.exd5 exd5 12.Bb3 O-O 13.Qd2 Re8 14.Rfe1 Be6 15.Bh6 Bf6
16.Ng3 a6 17.Qf4 Bh4 18.Re2 Qf6 19.Rae1 Qxf4 20.Bxf4 Red8 21.Bc7 Rdc8 22.Bd6 Bf6
23.Nf1 Na5 24.Nd2 Rc6 25.Bg3 Rac8 26.Rc1 Bf5 27.Bxd5 Rxc2 28.Rxc2 Rxc2 29.f3 Bxd3
30.Re8+ Kg7 31.Bd6 g5 32.Ne4 Bb5 33.Bf8+ Kg6 34.Nd6 Rc1+ 35.Kf2 Rf1+ 36.Kg3 Bxe8
37.Be4+ Kh5 38.Nxe8 Be5+ 39.Kh3 g4+ 40.fxg4+ Kg5 41.g3 Nc6 42.Kg2 Re1 43.Bf5 Bxg3
44.Kxg3 Rxe8 45.Bg7 Re3+ 46.Kg2 Ne7 47.h4+ Kf4 48.Bh6+ Ke5 49.Bxh7 Re2+ 50.Kf3 Rxb2
51.Bg7+ Kd5 52.h5 Rh2 53.Be4+ Ke6 54.Bxd4 f5 55.Bxb7  1/2-1/2

[Event "ch-GBR"]
[Site "Edinburgh SCO"]
[Date "2003.07.24"]
[Round "10"]
[White "Singh,G"]
[Black "Ansell,S"]
[Result "1/2-1/2"]
[WhiteElo "2293"]
[BlackElo "2379"]

1.e4 c5 2.Nc3 Nc6 3.Nge2 Nf6 4.g3 d6 5.Bg2 Qb6 6.O-O g6 7.Nd5 Nxd5 8.exd5 Ne5
9.d4 cxd4 10.Nxd4 Bg7 11.c3 Bg4 12.f3 Bd7 13.Qe2 Rc8 14.Kh1 O-O 15.h3 Rfe8
16.Rd1 e6 17.dxe6 fxe6 18.f4 Nc4 19.Qc2 e5 20.fxe5 dxe5 21.Nf3 Bc6 22.Ng5 Bxg2+
23.Qxg2 e4 24.Nxe4 Qc6 25.Nf2 Re2 26.Qxc6 bxc6 27.Nd3 Rce8 28.Rb1 Ne5 29.Nxe5 Bxe5
30.Bf4 Bxf4 31.gxf4 R8e3 32.Rd8+ Kg7 33.Rd7+ Kh6 34.Rxa7 Rxh3+ 35.Kg1 Rg3+
36.Kh1 Rf2 37.Rf7 Rgg2 38.a4 Rh2+ 39.Kg1 Rhg2+ 40.Kh1 Rh2+ 41.Kg1 Rfg2+ 42.Kf1 Rd2
43.Kg1 Rhg2+ 44.Kh1 Rg4 45.Re1 Rh4+  1/2-1/2

[Event "11th Open"]
[Site "St Affrique FRA"]
[Date "2003.07.24"]
[Round "7"]
[White "Mrdja,M"]
[Black "Degraeve,JM"]
[Result "0-1"]
[WhiteElo "2384"]
[BlackElo "2541"]

1.e4 c5 2.Nf3 Nc6 3.Nc3 Nf6 4.Bb5 Qc7 5.Bxc6 Qxc6 6.e5 Nd5 7.Ne4 d6 8.O-O Bg4
9.exd6 exd6 10.Re1 Be7 11.Ng3 Nc7 12.d4 Bxf3 13.gxf3 cxd4 14.Nf5 Ne6 15.Nxd4 Qd7
16.Nxe6 fxe6 17.Qe2 e5 18.f4 O-O 19.fxe5 Rae8 20.Be3 dxe5 21.Qc4+ Kh8 22.Qe4 Qh3
23.Kh1 b6 24.Rg1 Bc5 25.Rg3 Qe6 26.Rag1 Rf7 27.b3 Bxe3 28.fxe3 Rd8 29.c4 g6
30.Qh4 Qc6+ 31.e4 Rd6 32.Rg4 Kg7 33.Qg3 Qc5 34.Rg5 Rf4 35.Rg4 Rdf6 36.h3 Rf3
37.Qg2 Qe3 38.Rg3 Qxe4 39.Rxf3 Rxf3  0-1

[Event "TCh-Europe u18"]
[Site "Balatonlelle HUN"]
[Date "2003.07.25"]
[Round "6"]
[White "Zaragatski,I"]
[Black "Lenic,L"]
[Result "1/2-1/2"]
[WhiteElo "2329"]
[BlackElo "2386"]

1.e4 c5 2.Nc3 Nc6 3.Nge2 e5 4.Nd5 d6 5.Nec3 Be6 6.Bc4 Be7 7.d3 Nf6 8.O-O O-O
9.a3 a6 10.f4 b5 11.Ba2 exf4 12.Bxf4 b4 13.axb4 cxb4 14.Ne2 Bxd5 15.Bxd5 Nxd5
16.exd5 Ne5 17.Qd2 Qb6+ 18.Be3 Qb5 19.Nd4 Qxd5 20.Qxb4 Rfb8 21.Nf5 Bf6 22.Qxd6 Qxd6
23.Nxd6 Rxb2 24.Rfb1 Ng4 25.Bc5 Rxc2 26.Rxa6 Rd8 27.Ne4 Be5 28.h3 Nh6 29.d4 Bf4
30.Rf1 Be3+ 31.Kh1 f6 32.Nd6 Rc3  1/2-1/2

[Event "MTO"]
[Site "Biel SUI"]
[Date "2003.07.25"]
[Round "5"]
[White "Al Modiahki,M"]
[Black "Pavlovic,Mi1"]
[Result "1-0"]
[WhiteElo "2574"]
[BlackElo "2569"]

1.e4 c5 2.Nf3 Nc6 3.Nc3 d6 4.d4 cxd4 5.Nxd4 Nf6 6.Bg5 e6 7.Qd2 a6 8.O-O-O Bd7
9.f4 b5 10.Bxf6 gxf6 11.Kb1 Qb6 12.Nxc6 Bxc6 13.Qe1 Ra7 14.f5 Qc5 15.Bd3 Rg8
16.Qh4 Re7 17.g4 a5 18.e5 fxe5 19.Bxb5 d5 20.Bxc6+ Qxc6 21.Rhe1 e4 22.Qxh7 Rg7
23.Qh8 Rd7 24.h3 exf5 25.gxf5 f6 26.Qh5+ Rgf7 27.Ne2 Rb7 28.Nd4 Qc3 29.Nb3 Qe5
30.c4 dxc4 31.Rd4 e3 32.Rxc4 Bb4 33.Qf3 Rbc7  1-0

[Event "ch-GBR"]
[Site "Edinburgh SCO"]
[Date "2003.07.25"]
[Round "11"]
[White "Conquest,S"]
[Black "Collins,S IRL"]
[Result "1/2-1/2"]
[WhiteElo "2560"]
[BlackElo "2381"]

1.e4 c5 2.Nc3 Nc6 3.Nge2 Nf6 4.g3 g6 5.Bg2 Bg7 6.d3 d6 7.h3 Rb8 8.f4 O-O
9.O-O Ne8 10.f5 b5 11.g4 b4 12.Nd5 e6 13.Ndf4 Nd4 14.Kh1 Nc7 15.Rb1 d5 16.Nxd4 cxd4
17.fxe6 fxe6 18.exd5 e5 19.Ne2 Rxf1+ 20.Qxf1 Bb7 21.Ng3 Nxd5 22.Ne4 Qc7 23.Qd1 Rc8
24.Bd2 Qxc2 25.Qxc2 Rxc2 26.Bf3 Bf8 27.Kg1 Kg7 28.Bd1 Rc8 29.Rc1 Rxc1 30.Bxc1 Nf6
31.Bh6+ Kxh6 32.g5+ Kg7 33.gxf6+ Kh6 34.h4 g5 35.Nxg5 Kg6 36.Ne6 Bd6 37.f7 Bc8
38.f8=Q Bxf8 39.Nxf8+ Kg7 40.Nxh7 Kxh7 41.Kf2 Kh6 42.Bf3 Bf5 43.Ke2 a5 44.Kd2 Be6
45.a3 bxa3 46.bxa3 Bf7 47.Ke2 Bg6 48.Bg4 Bh7 49.Kd2 Bg6 50.Ke2  1/2-1/2

[Event "26th Asian Juniors"]
[Site "Negombo SRI"]
[Date "2003.07.25"]
[Round "10"]
[White "Sengupta,D"]
[Black "Priyadharshana,A"]
[Result "1-0"]
[WhiteElo "2363"]
[BlackElo "2133"]

1.e4 c5 2.Nc3 Nc6 3.Bb5 g6 4.Bxc6 bxc6 5.f4 Bg7 6.Nf3 Ba6 7.d3 d5 8.O-O Bxc3
9.bxc3 dxe4 10.Ne1 c4 11.f5 Qd5 12.d4 gxf5 13.Bf4 h5 14.Rb1 Nf6 15.Be5 Rh6
16.Rxf5 Bc8 17.Rg5 Rg6 18.Qc1 Nd7 19.Rxh5 f6 20.Rh8+ Kf7 21.Bg3 Kg7 22.Rh4 c5
23.Qe3 Bb7 24.Rd1 e5 25.Rd2 exd4 26.cxd4 Qg5 27.Rf4 cxd4 28.Qxd4 Ne5 29.Rdf2 Rf8
30.Rxf6 Nf3+ 31.R6xf3+  1-0

[Event "6th Magistral"]
[Site "Vicente Lopez ARG"]
[Date "2003.07.25"]
[Round "2"]
[White "Cubas,Jo"]
[Black "Rodriguez,And URU"]
[Result "0-1"]
[WhiteElo "2419"]
[BlackElo "2485"]

1.e4 c5 2.Nf3 Nc6 3.Nc3 g6 4.d4 cxd4 5.Nxd4 Bg7 6.Be3 Nf6 7.Be2 O-O 8.O-O d6
9.Nb3 Be6 10.f4 Qc8 11.h3 a5 12.Na4 Qc7 13.Nb6 Rad8 14.Bf3 Nb4 15.c3 Na6
16.Qe1 Nc5 17.Nd5 Nxd5 18.exd5 Bf5 19.Qf2 Rc8 20.Bd4 Bh6 21.Nxc5 dxc5 22.Be5 Qb6
23.c4 f6 24.Bc3 Bxf4 25.Bg4 Bxg4 26.Qxf4 Bd7 27.Rae1 Rce8 28.h4 a4 29.g4 Qd8
30.g5 Bf5 31.Re3 Qd6 32.Qxd6 exd6 33.Rfe1 Kf7 34.Bxf6 Rxe3 35.Rxe3 Re8 36.Ra3 Bc2
37.Kf2 Re4 38.b3 axb3 39.axb3 Ke8 40.Ra7 Bxb3 41.Kf3 Rxh4 42.Rxb7 Bxc4 43.Re7+ Kf8
44.Rd7 Bxd5+ 45.Kg3 Rg4+ 46.Kf2 Rf4+ 47.Kg3 Rf3+ 48.Kh2 Rh3+ 49.Kg1 h5 50.gxh6 Rxh6
51.Bg7+ Ke8 52.Rxd6 Rh1+ 53.Kf2 Be4 54.Ke3 Re1+ 55.Kf2 Rc1 56.Bf6 c4 57.Bg5 Rc2+
58.Ke3 Bf5 59.Kd4 c3 60.Ke5 Re2+ 61.Kf6 c2 62.Kg7 Re7+ 63.Kh6 Rc7 64.Bc1 Rc3
65.Kg7 Ke7 66.Rd4 Ke6 67.Rd8 Rc7+ 68.Kh6 Rc4 69.Kg7 Ke5 70.Bb2+ Ke4 71.Re8+ Kd3
72.Bc1 Be4 73.Kf6 Ke2 74.Rh8 Bd3 75.Rh2+ Kf1 76.Ke5 Rb4 77.Bg5 Rb1 78.Rh3 Rd1
79.Kf6 Kg2  0-1

[Event "ch-NED Open"]
[Site "Dieren NED"]
[Date "2003.07.26"]
[Round "5"]
[White "Ris,R"]
[Black "Slingerland,F"]
[Result "1-0"]
[WhiteElo "2205"]
[BlackElo "2272"]

1.e4 c5 2.Nf3 Nc6 3.Nc3 Nf6 4.d4 cxd4 5.Nxd4 d6 6.Be3 Ng4 7.Bg5 Qb6 8.Bb5 Bd7
9.O-O h6 10.Be3 Nxe3 11.fxe3 e6 12.Bxc6 bxc6 13.Qf3 f6 14.Qh5+ Ke7 15.Rad1 Rb8
16.Rd3 Qc5 17.Qf3 Kf7 18.Nd1 Be7 19.Rc3 Qb6 20.Rb3 Qc5 21.Nf2 Rxb3 22.axb3 Rf8
23.Nd3 Qg5 24.Ra1 Ra8 25.b4 e5 26.Nf5 Bxf5 27.exf5 d5 28.Nc5 Bxc5 29.bxc5 e4
30.Qf2 Kg8 31.b3 a5 32.h3 Qh5 33.Ra4 Qd1+ 34.Kh2 Re8 35.Rxa5 d4 36.Ra7 Qh5
37.Qg3 Qg5 38.exd4 e3 39.Qxg5 hxg5 40.Ra1 Re4 41.c3 g6 42.fxg6 f5 43.Kg3 Kg7
44.Kf3 Re8 45.Re1 f4 46.g3  1-0

[Event "ch-SCCF"]
[Site "Costa Mesa USA"]
[Date "2003.07.27"]
[Round "8"]
[White "Small,G"]
[Black "Peters,Joh"]
[Result "0-1"]
[WhiteElo "2206"]
[BlackElo "2454"]

1.e4 c5 2.Nc3 Nc6 3.Nf3 a6 4.d4 cxd4 5.Nxd4 e6 6.Nxc6 bxc6 7.Bd3 e5 8.O-O Bc5
9.Kh1 Nf6 10.f4 d6 11.fxe5 Ng4 12.Qf3 Be6 13.Bf4 dxe5 14.Bg3 h5 15.h3 Qg5
16.Na4 Bd4 17.c3 Be3 18.Qe2 Rd8 19.Rad1 h4 20.Be1 Nf6 21.Rf3 Ba7 22.Bxa6 Rxd1
23.Qxd1 Nxe4 24.Bb7 Bd5 25.c4 Ng3+ 26.Kh2 Nf1+ 27.Kh1 Ne3 28.Qe2 Nxc4 29.Rc3 Rh6
30.Rxc4 Bxc4 31.Qxc4 Qe3 32.Bxc6+ Kf8 33.Bb4+ Kg8 34.Nc5 Rxc6 35.Qd5 Bxc5
36.Qd8+ Kh7  0-1

[Event "ch-SCCF"]
[Site "Costa Mesa USA"]
[Date "2003.07.27"]
[Round "9"]
[White "Khachiyan,M"]
[Black "Matikozian,A"]
[Result "0-1"]
[WhiteElo "2473"]
[BlackElo "2430"]

1.e4 c5 2.Nc3 Nc6 3.Nf3 e5 4.Bc4 Be7 5.d3 d6 6.Ng5 Bxg5 7.Qh5 Be7 8.Qxf7+ Kd7
9.Qxg7 Nf6 10.Bh6 Na5 11.O-O-O Nxc4 12.dxc4 Rg8 13.Qf7 Qe8 14.Qxe8+ Kxe8
15.Nb5 Kd7 16.f4 Kc6 17.fxe5 dxe5 18.Rhf1 Nxe4 19.Rde1 a6 20.Rf7 Bd6 21.a4 axb5
22.axb5+ Kb6 23.Rxe4 Ra1+ 24.Kd2 Rxg2+ 25.Kc3 Be6 26.Rf6 Rg6 27.Bg7 Rxf6
28.Bxf6 Rf1 29.Bd8+ Ka7 30.Rh4 Bf5  0-1

[Event "MTO"]
[Site "Biel SUI"]
[Date "2003.07.28"]
[Round "7"]
[White "Ulibin,M"]
[Black "Cherniaev,A1"]
[Result "1-0"]
[WhiteElo "2558"]
[BlackElo "2487"]

1.e4 c5 2.Nf3 Nc6 3.Nc3 e5 4.Bc4 Be7 5.d3 d6 6.Nd2 Bg5 7.h4 Bh6 8.Qh5 g6
9.Qd1 Nf6 10.Nd5 Be6 11.a3 a6 12.c3 Bxd5 13.exd5 Nb8 14.Qf3 Kf8 15.g4 Bf4
16.Nf1 Bxc1 17.Rxc1 h5 18.g5 Ne8 19.Ng3 Kg7 20.Ne4 Nd7 21.Qg3 Qe7 22.O-O f5
23.gxf6+ Ndxf6 24.Ng5 Nc7 25.Rce1 Rhf8 26.f4 Ng4 27.d4 cxd4 28.cxd4 Rae8
29.b4 e4 30.Rxe4 Qxe4 31.Nxe4 Rxe4 32.Re1 Rxe1+ 33.Qxe1 Re8 34.Qc1 Re7 35.f5 Ne3
36.fxg6 Kxg6 37.Ba2 Ne8 38.Qc8 Kf7 39.a4 Nf6 40.a5 Ne8 41.Kf2 Ng4+ 42.Kf3 Nef6
43.Bb1 Re3+ 44.Kf4 Nxd5+ 45.Kg5 Ngf6 46.Qxb7+ Ne7 47.b5 Kg7 48.Qg2 Ra3 49.bxa6 Rxa5+
50.Kf4+ Kf7 51.Qb7 Ra3 52.Be4 d5 53.Bb1  1-0

[Event "3rd Open"]
[Site "Plancoet FRA"]
[Date "2003.07.28"]
[Round "3"]
[White "Redon,B"]
[Black "Bleuzen,C"]
[Result "1-0"]
[WhiteElo "2204"]
[BlackElo "1995"]

1.e4 c5 2.Nc3 Nc6 3.Nf3 d6 4.d4 cxd4 5.Nxd4 e5 6.Nb3 Nf6 7.Bg5 Be7 8.Bxf6 Bxf6
9.g3 Be6 10.Nd5 Be7 11.Bg2 O-O 12.O-O Rc8 13.c3 Re8 14.Qd3 Bxd5 15.Qxd5 Qb6
16.a4 Nd8 17.Rfd1 Ne6 18.a5 Qc6 19.Bh3 Bf8 20.Nd2 Rc7 21.Qxc6 Rxc6 22.Nf1 Rd8
23.Ne3 Nc7 24.Bf1 g6 25.Bc4 Ne6 26.Bd5 Rc7 27.Nc4 Kg7 28.Bxe6 fxe6 29.Nxe5 Be7
30.Nd3 Rc4 31.f3 Rdc8 32.Kf2 Kf7 33.Ke3 Bf8 34.Ra3 R8c7 35.Rda1 Ke7 36.Rb3 Kd7
37.a6 bxa6 38.Rxa6 Bh6+ 39.f4 R4c6 40.Ra5 Rb6 41.Rba3 Rbb7 42.h4 Ke7 43.Ra1 Bf8
44.R1a2 Kf6 45.Ra6 Ke7 46.Nb4 Kd7 47.Nc2 Be7 48.R6a5 Bf6 49.h5 e5 50.Nb4 exf4+
51.gxf4 Ke6 52.Nd5 Rd7 53.hxg6 hxg6 54.Ra6 Bg7 55.Kd3 Bh6 56.b4 Rg7 57.e5 Kf5
58.Rxd6 Bxf4 59.Rf6+  1-0

[Event "8th Open"]
[Site "Creon FRA"]
[Date "2003.07.29"]
[Round "2"]
[White "Gaponenko,I"]
[Black "Van Esch,S"]
[Result "1-0"]
[WhiteElo "2399"]
[BlackElo "2223"]

1.e4 c5 2.Nf3 Nc6 3.Nc3 e5 4.Bc4 Be7 5.d3 Nf6 6.Nd2 d6 7.Nf1 O-O 8.Ne3 Kh8
9.O-O Ng8 10.Ncd5 Bg5 11.f4 exf4 12.Nxf4 Nh6 13.c3 Rb8 14.a4 Ne5 15.d4 cxd4
16.Qxd4 Nhg4 17.Ba2 Bxf4 18.Rxf4 Nc6 19.Qd1 Nxe3 20.Bxe3 Qe7 21.Qh5 g6 22.Qh6 f5
23.Rh4 Bd7 24.Bg5 Qg7 25.Qxg7+ Kxg7  1-0

[Event "MTO"]
[Site "Biel SUI"]
[Date "2003.07.30"]
[Round "9"]
[White "Ulibin,M"]
[Black "Avrukh,B"]
[Result "1/2-1/2"]
[WhiteElo "2558"]
[BlackElo "2557"]

1.e4 c5 2.Nf3 Nc6 3.Nc3 Nf6 4.Bb5 Qc7 5.O-O Nd4 6.Nxd4 cxd4 7.Nd5 Nxd5 8.exd5 Qc5
9.c4 a6 10.b4 Qxb4 11.Ba4 b5 12.cxb5 g6 13.b6 Bg7 14.d3 O-O 15.Bg5 Bb7 16.Re1 e6
17.dxe6  1/2-1/2

[Event "ch-NED Open"]
[Site "Dieren NED"]
[Date "2003.07.30"]
[Round "8"]
[White "Geurink,J"]
[Black "Van Blitterswijk,S"]
[Result "0-1"]
[WhiteElo "2310"]
[BlackElo "2412"]

1.e4 c5 2.Nc3 Nc6 3.Nf3 g6 4.Bb5 Bg7 5.O-O Nf6 6.e5 Ng4 7.Bxc6 bxc6 8.Re1 O-O
9.h3 Nh6 10.d4 cxd4 11.Qxd4 Nf5 12.Qe4 d5 13.exd6 exd6 14.Qxc6 Rb8 15.Qc4 Qa5
16.g4 Bb7 17.gxf5 Bxf3 18.fxg6 hxg6 19.Qf4 Qh5 20.Re3 Ba8 21.Qg4 Qc5 22.Rd3 Rb4
23.Qg3 Qh5 24.Be3 Rh4 25.Bg5 Rc4 26.Nd5 f6 27.Ne7+ Kh7 28.Bf4 Re8 29.Bxd6 f5
30.f3 Bf6 31.Nd5 Bh4 32.Qg2 Qh6 33.Rad1 Rc6 34.Bf4 g5 35.Bc1 f4 36.Qg4 Rce6
37.Qf5+ Qg6 38.Qxg6+ Kxg6 39.R3d2 Re1+ 40.Kg2 Bxd5 41.Rxe1 Rxe1 42.Rxd5 Rxc1
43.Rd2 Be1 44.Re2 Ba5 45.h4 gxh4 46.Kh3 Kf5  0-1

[Event "4th It"]
[Site "Montreal CAN"]
[Date "2003.07.31"]
[Round "8"]
[White "Nataf,IA"]
[Black "Bluvshtein,M"]
[Result "1/2-1/2"]
[WhiteElo "2549"]
[BlackElo "2447"]

1.e4 c5 2.Nc3 Nc6 3.Nge2 d6 4.d4 cxd4 5.Nxd4 Nf6 6.Bg5 e6 7.Qd2 Be7 8.O-O-O O-O
9.f4 Nxd4 10.Qxd4 Qa5 11.Kb1 h6 12.h4 Rd8 13.Bd3 Bd7 14.e5 dxe5 15.fxe5 Bc6
16.Qe3 Ng4 17.Qf4 hxg5 18.hxg5 Qxe5 19.Bh7+ Kf8 20.Bg6 Rxd1+ 21.Nxd1 Ke8
22.Bxf7+ Kd7 23.Qxg4 Qxg5 24.Qxe6+ Kc7 25.Nc3 Rd8 26.Rh5 Qf6 27.Qxf6 Bxf6
28.Nd5+ Kd6 29.c4 Bd4 30.Rh4 Be5 31.Ne3 g5 32.Rh6+ Kc5 33.Bd5 Bf4 34.Nd1 Bxd5
35.cxd5 Kxd5 36.Nc3+ Kc4 37.Rh7 b5 38.Rxa7 b4 39.Ra4 Kc5 40.Ra5+ Kc4 41.Ra4 Kc5
42.Ra5+ Kc4  1/2-1/2

[Event "MTO"]
[Site "Biel SUI"]
[Date "2003.08.01"]
[Round "11"]
[White "Al Modiahki,M"]
[Black "Shariyazdanov,A"]
[Result "1-0"]
[WhiteElo "2574"]
[BlackElo "2565"]

1.e4 c5 2.Nf3 Nc6 3.Nc3 g6 4.d4 cxd4 5.Nxd4 Bg7 6.Nde2 Nf6 7.g3 Rb8 8.a4 d6
9.Bg2 O-O 10.O-O a6 11.Nd5 Nd7 12.c3 b5 13.axb5 axb5 14.Nd4 Nxd4 15.cxd4 Bb7
16.Bg5 Re8 17.Qd3 Bxd5 18.exd5 Qb6 19.Be3 Rec8 20.Rfc1 Rc4 21.b3 Rxc1+ 22.Rxc1 Qa7
23.h3 b4 24.Qc4 Nf8 25.Bf1 Nd7 26.Qc7 Qxc7 27.Rxc7 Nf6 28.Bc4 Bf8 29.Kf1 Ra8
30.Rb7 Ra5 31.Rxb4 Nxd5 32.Bxd5 Rxd5 33.Rb8 Kg7 34.Ke2 Ra5 35.b4 Ra2+ 36.Kd3 d5
37.b5 f6 38.Rd8 Rb2 39.Rxd5 Kf7 40.Kc3 Rb1 41.Kc2 Rb4 42.Bd2 Rc4+ 43.Kb3 Rc8
44.b6 Ke6 45.Rb5 g5 46.f4 h6 47.d5+ Kd7 48.f5 Rb8 49.g4 Kc8 50.Be3 Kb7 51.Ra5 Rd8
52.Ra7+ Kb8 53.Bf2  1-0

[Event "8th Open"]
[Site "Creon FRA"]
[Date "2003.08.02"]
[Round "8"]
[White "Cornette,M"]
[Black "Nevednichy,V"]
[Result "0-1"]
[WhiteElo "2366"]
[BlackElo "2593"]

1.e4 c5 2.Nc3 Nc6 3.Bb5 Nd4 4.Bc4 g6 5.Nf3 Bg7 6.Nxd4 cxd4 7.Qf3 e6 8.Nb5 d6
9.Qa3 Ke7 10.c3 dxc3 11.Nxc3 a6 12.O-O Bd7 13.e5 Bxe5 14.d4 Bxd4 15.Re1 Rc8
16.Nd5+ Kf8 17.Qxd6+ Kg7 18.Ne3 Bc6 19.Qf4 Qf6 20.Qg4 h5  0-1

[Event "FSGM August"]
[Site "Budapest HUN"]
[Date "2003.08.03"]
[Round "2"]
[White "Todorovic,GM"]
[Black "Richter,Mic"]
[Result "0-1"]
[WhiteElo "2461"]
[BlackElo "2428"]

1.e4 c5 2.Nf3 Nc6 3.Nc3 e5 4.Bc4 d6 5.d3 Be7 6.Nd2 Nf6 7.Nf1 Bg4 8.f3 Be6
9.Ne3 O-O 10.Ncd5 Nd7 11.O-O Bg5 12.Bd2 Nb6 13.Nxb6 axb6 14.Bxe6 fxe6 15.c3 d5
16.Qc2 d4 17.Ng4 Bxd2 18.Qxd2 dxc3 19.bxc3 b5 20.Qb2 Ra5 21.c4 Qd4+ 22.Qxd4 exd4
23.cxb5 Nb4 24.Ne5 Rfa8 25.b6 Rxa2 26.Rxa2 Rxa2 27.Rc1 Na6 28.Nd7 Ra5 29.f4 Kf7
30.Kf2 Ke7 31.Ne5 Ra2+ 32.Kf3 Rb2 33.Nc4 Rb3 34.Ke2 Nb4 35.Ra1 Nxd3 36.Ra7 Nxf4+
37.Kd2 Rb4 38.Rxb7+ Kf6 39.e5+ Kg6 40.g3 Nd5 41.Kd3 h5 42.Rb8 Rb3+ 43.Kd2 Ne3
44.Nxe3 dxe3+ 45.Ke2 Kf5 46.Kf3 g5 47.Rf8+ Kxe5 48.b7 Rxb7  0-1

[Event "IM"]
[Site "Niederbronn FRA"]
[Date "2003.08.03"]
[Round "2"]
[White "Netzer,J"]
[Black "Aguettaz,M"]
[Result "1/2-1/2"]
[WhiteElo "2268"]
[BlackElo "2303"]

1.e4 c5 2.Nf3 Nc6 3.Nc3 Nf6 4.Bb5 Nd4 5.e5 Nxb5 6.Nxb5 Nd5 7.Ng5 f6 8.Ne4 f5
9.c4 Nc7 10.Nxc5 Nxb5 11.cxb5 Qb6 12.d4 Qxb5 13.Qd3 Qxd3 14.Nxd3 b6 15.Be3 Bb7
16.f3 e6 17.Kf2 Be7 18.Rhc1 Kf7 19.Bd2 Rhc8 20.Bb4 Ba6 21.Bxe7 Bxd3  1/2-1/2

[Event "Valoz Cup"]
[Site "Olomouc CZE"]
[Date "2003.08.03"]
[Round "6"]
[White "Papatheodorou,T"]
[Black "Meszaros,Mi"]
[Result "0-1"]
[WhiteElo "2284"]
[BlackElo "2292"]

1.e4 c5 2.Nc3 Nc6 3.Bb5 Nd4 4.Bc4 g6 5.Nf3 Bg7 6.Nxd4 cxd4 7.Qf3 e6 8.Ne2 Ne7
9.O-O O-O 10.d3 f5 11.Qg3 Nc6 12.h4 Na5 13.Bb3 Nxb3 14.axb3 e5 15.exf5 Rxf5
16.Bg5 Qb6 17.Qh2 d5 18.Ng3 Rf7 19.h5 Bf5 20.Qh4 Rc8 21.Rac1 Qe6 22.Rfe1 Rfc7
23.Nxf5 Qxf5 24.h6 Bh8 25.Re2 Rc6 26.f3 Bf6 27.Bxf6 Rxf6 28.Rce1 Re6 29.Ra1 a6
30.Ra5 b5 31.Ra1 Rce8 32.Rae1 Kf7 33.f4 e4 34.g4 Qf6 35.Qxf6+ Kxf6 36.dxe4 dxe4
37.Rd1 Rd6 38.Rde1 e3 39.Kg2 g5 40.f5 Re4 41.Kg3 b4 42.Rd1 Kf7 43.Rd3 Rxh6
44.c3 Rh4 45.cxd4 Rhxg4+ 46.Kh2 Rxd4 47.Rdxe3 Rh4+ 48.Kg3 Rdg4+ 49.Kf3 Rf4+
50.Kg3 Rxf5 51.Re8 Rhf4 52.R2e7+ Kg6 53.Rg8+ Kh6 54.Rgg7 Rf3+ 55.Kg2 Rf2+
56.Kg3 R2f3+ 57.Kg2 Rf2+ 58.Kg3 R5f3+ 59.Kg4 Rf4+ 60.Kg3 R2f3+ 61.Kg2 Kh5
62.Rxh7+ Kg4 63.Re2 Rxb3 64.Ra7 Rg3+ 65.Kh2 Kf3 66.Re3+ Kxe3 67.Kxg3 Kd2
68.Rxa6 Kc2 69.Ra5 Kxb2 70.Rxg5 Rf8  0-1

[Event "Valoz Cup"]
[Site "Olomouc CZE"]
[Date "2003.08.03"]
[Round "6"]
[White "Kanovsky,D"]
[Black "Salai,L"]
[Result "1/2-1/2"]
[WhiteElo "2254"]
[BlackElo "2421"]

1.e4 c5 2.Nf3 Nc6 3.Nc3 e5 4.Bc4 Be7 5.d3 Nf6 6.Nd2 O-O 7.Nf1 d6 8.Ne3 Be6
9.O-O a6 10.a4 Rb8 11.Bd2 Nb4 12.Qe2 b6 13.f4 exf4 14.Rxf4 Bxc4 15.dxc4 Nd7
16.Ncd5 Nxd5 17.Nxd5 Bg5 18.Rf5 Bxd2 19.Qxd2 Ne5 20.b3 b5 21.axb5 axb5 22.cxb5 Rxb5
23.Rd1 Re8 24.Ne3 Qh4 25.Qxd6 f6 26.Qd5+ Nf7 27.e5 Rd8 28.Qf3 Rxd1+ 29.Qxd1 Qe4
30.Qf3 Qxf3 31.Rxf3 Nxe5 32.Rf1 Rb4 33.Rd1 Re4 34.Kf2 Rf4+ 35.Ke2 Re4 36.Kf2 Rf4+
37.Ke2 Re4  1/2-1/2

[Event "6th Magistral"]
[Site "Vicente Lopez ARG"]
[Date "2003.08.03"]
[Round "10"]
[White "Roselli Mailhe,B"]
[Black "Scarella,E"]
[Result "1-0"]
[WhiteElo "2440"]
[BlackElo "2374"]

1.e4 c5 2.Nc3 Nc6 3.Nf3 g6 4.d4 cxd4 5.Nxd4 Bg7 6.Nb3 Nf6 7.g4 d6 8.g5 Nh5
9.Be2 Bh3 10.Rg1 Bxc3+ 11.bxc3 Qc8 12.f4 Qe6 13.Qd3 Rc8 14.f5 Bxf5 15.exf5 gxf5
16.Nd4 Nxd4 17.cxd4 d5 18.Qe3 Ng7 19.Bb5+ Kd8 20.Bd3 Qd6 21.Qe5 Qxe5+ 22.dxe5 Rc6
23.Bb2 e6 24.Kd2 Rg8 25.Raf1 Ne8 26.Rf4 Nc7 27.Rb4 Kc8 28.Bd4 b6 29.Be3 Kb7
30.Rh4 Rg7 31.Rg3  1-0

[Event "Sunstar Park Open"]
[Site "Davos SUI"]
[Date "2003.08.04"]
[Round "3"]
[White "Papa,S"]
[Black "Benkovic,P"]
[Result "0-1"]
[WhiteElo "2372"]
[BlackElo "2474"]

1.e4 c5 2.Nc3 Nc6 3.Nf3 e6 4.Bb5 Na5 5.d4 a6 6.Be2 cxd4 7.Nxd4 Qc7 8.O-O b5
9.f4 Bb7 10.Bf3 d6 11.Kh1 Nf6 12.e5 dxe5 13.fxe5 Nd7 14.Bxb7 Qxb7 15.Qh5 g6
16.Qe2 Nc4 17.a4 b4 18.Nxe6 fxe6 19.Qxc4 Nc5 20.Ne2 Qe4 21.Qxe4 Nxe4 22.Rf4 Nc5
23.Be3 Nd7 24.Nd4 Bh6 25.Re4 Bxe3 26.Rxe3 Nc5 27.c3 a5 28.cxb4 axb4 29.b3 O-O
30.Rc1 Rac8 31.Kg1 Rfd8 32.Nb5 Nd7 33.Rf1 Nb6 34.Nd6 Rc7 35.Re4 Nd5 36.Nc4 Nc3
37.Re3 Nxa4 38.bxa4 Rxc4 39.Ra1 Ra8 40.Rf3  0-1

[Event "Valoz Cup"]
[Site "Olomouc CZE"]
[Date "2003.08.04"]
[Round "8"]
[White "Toma,K"]
[Black "Salai,L"]
[Result "0-1"]
[WhiteElo "2210"]
[BlackElo "2421"]

1.e4 c5 2.Nf3 Nc6 3.Nc3 e5 4.Bc4 Be7 5.d3 d6 6.O-O Bg4 7.Be3 Nf6 8.h3 Bh5
9.Nd5 Nxd5 10.Bxd5 O-O 11.c3 Bf6 12.g4 Bg6 13.Qd2 Qd7 14.Kg2 Rab8 15.Ng1 b5
16.Ne2 Bd8 17.Ng3 Ne7 18.c4 Nxd5 19.cxd5 Bh4 20.Nf5 Bxf5 21.gxf5 Qe7 22.Qe2 Bg5
23.Kh2 Bf4+ 24.Bxf4 exf4 25.Qf3 Qe5 26.Rg1 Qxb2 27.Qxf4 Rb6 28.Rab1 Qf6 29.Rg3 Kh8
30.Rbg1 Rg8 31.Qc1 Ra6 32.Qb1 Qe5 33.Qxb5 Rxa2 34.Qd7 Rxf2+ 35.Rg2 Rxg2+
36.Kxg2 a5 37.Qxf7 c4 38.dxc4 Qxe4+ 39.Kh2 Qe2+ 40.Rg2 Qxc4 41.Rg4 Qe2+ 42.Kg3 Qe1+
43.Kg2 Qe5 44.Qe6 Re8  0-1

[Event "WYol u16"]
[Site "Denizli TUR"]
[Date "2003.08.05"]
[Round "3"]
[White "Soozankar,A"]
[Black "Georgiadis,I"]
[Result "1-0"]
[WhiteElo "2111"]
[BlackElo "2023"]

1.e4 c5 2.Nf3 Nc6 3.Nc3 Nd4 4.Bc4 e6 5.Nxd4 cxd4 6.Ne2 Nf6 7.d3 Bc5 8.O-O d5
9.Bb5+ Kf8 10.e5 Ng4 11.f4 Qh4 12.h3 Nh6 13.Bd2 Nf5 14.Be1 Qe7 15.Bf2 h5
16.Kh2 f6 17.Ng3 Nxg3 18.Bxg3 h4 19.Bf2 f5 20.Qf3 a6 21.Ba4 b5 22.Bb3 Bd7
23.Rg1 Be8 24.g4 hxg3+ 25.Rxg3 Bh5 26.Qg2 g6 27.Qg1 Qa7 28.c3 Rc8 29.cxd4 Bb6
30.Bd1 Bxd1 31.Rxd1 Rc2 32.Rxg6 Bxd4 33.Rf6+ Ke8 34.Qg6+ Kd8 35.Rf7 Bxf2
36.Qf6+ Ke8 37.Qxe6+ Kd8 38.Qxd5+ Kc8 39.Rxa7 Bxa7+ 40.Kg3 Bf2+ 41.Kg2 Bc5+
42.Kf1 Rxh3 43.d4 Bb4 44.e6 Rh4 45.Qd7+ Kb8 46.Qd8+  1-0